| 000 | 00508nam a2200169Ia 4500 | ||
|---|---|---|---|
| 008 | 090201s9999 xx 000 0 und d | ||
| 010 | _aKPL-9308 | ||
| 040 | _bमराठी | ||
| 041 | _aमराठी | ||
| 082 |
_a41620 _b9308 |
||
| 100 | _aगो ना दातार | ||
| 245 |
_aरहस्यभेद _cगो ना दातार |
||
| 260 |
_c2004 _bबाँम्बे बुक डेपो |
||
| 300 |
_a824 _bमोठा |
||
| 600 | _aरहस्यभेद | ||
| 942 | _cBOOK | ||
| 999 |
_c238802 _d238802 |
||